Caen - Choix multiples - Statistiques

Statistiques générales
  • Ce quiz a été pris 2 545 fois
  • Le résultat moyen est 7 sur 10
Statistiques - réponses
Question Réponse % Correct
Quel artiste musical, avec le deuxième plus grand nombre de victoires de la musique (12) est souvent associé à la ville de Caen ? Orelsan
87%
Quelle est la spécialité culinaire emblématique "à la mode de Caen" ? Tripes
84%
Quel poète Français, né à Caen en 1555, donne son nom au club de Football de la ville, ainsi qu’au plus grand lycée ? François de Malherbe
83%
Quelle personnalité historique du Moyen-Âge, dont la sépulture se trouve à l'abbaye aux Hommes, avait Caen pour cité ? Guillaume le Conquérant
82%
Quel est le surnom de la ville ? La ville aux cent clochers
74%
Quel événement se déroulant chaque année à Caen est considéré comme le plus grand d'Europe dans sa catégorie ? Carnaval étudiant
64%
Pourquoi le Pegasus Bridge, situé près de Caen, est-il devenu célèbre pendant le Débarquement de 1944 ? Parce qu’il a été le premier pont libéré par les Alliés en France
64%
Quel monument, symbole de Caen, se dresse au cœur de la ville ? Un château
56%
Laquelle de ces photos n'a pas été prise à Caen ?
51%
Quel chef viking a reçu le territoire de la future Normandie en 911, après un accord avec le roi de France Charles le Simple ? Rollon
41%
Aucun quiz correspondant
Distribution des résultats
% des personnes avec chaque résultat
Percentile par nombre de réponses
Votre historique - résultats
Vous n’avez pas pris ce quiz